The English People: (Record no. 194190)
[ view plain ]
| 000 -LEADER | |
|---|---|
| fixed length control field | 00623 a2200157 4500 |
| 003 - CONTROL NUMBER IDENTIFIER | |
| control field | Nust |
| 005 - DATE AND TIME OF LATEST TRANSACTION | |
| control field | 20230202094707.0 |
| 040 ## - CATALOGING SOURCE | |
| Transcribing agency | Nust |
| 082 ## - DEWEY DECIMAL CLASSIFICATION NUMBER | |
| Classification number | 940,BRO |
| 100 ## - MAIN ENTRY--PERSONAL NAME | |
| Personal name | D.W.Brogan |
| 9 (RLIN) | 108439 |
| 245 ## - TITLE STATEMENT | |
| Title | The English People: |
| Remainder of title | Impression and Observation / |
| Statement of responsibility, etc. | D.W.Brogan |
| 260 ## - PUBLICATION, DISTRIBUTION, ETC. | |
| Place of publication, distribution, etc. | london |
| Name of publisher, distributor, etc. | Hamish Hamilton |
| 300 ## - PHYSICAL DESCRIPTION | |
| Extent | 260p; |
| 505 ## - FORMATTED CONTENTS NOTE | |
| Formatted contents note | The English And Themselves (Page-15), English Education (Page-27), England As A Democracy (Page-59), English Religion (Page-100), The Empire (Page-141), India (Page-164), The English At War (Page-200), The English And The Outside World (Page-216). |
| 942 ## - ADDED ENTRY ELEMENTS (KOHA) | |
| Source of classification or shelving scheme | |
| Koha item type | Book |
| Call number prefix | 940,BRO |
| Withdrawn status | Lost status | Source of classification or shelving scheme | Damaged status | Not for loan | Permanent Location | Current Location | Shelving location | Date acquired | Full call number | Barcode | Date last seen | Price effective from | Koha item type | Public note |
|---|---|---|---|---|---|---|---|---|---|---|---|---|---|---|
| Military College of Signals (MCS) | Military College of Signals (MCS) | General Stacks | 12/12/2016 | 940,BRO | MCS36222 | 12/08/2016 | 12/12/2016 | Book | Almirah No. 59, Shelf No. 6 |
